| 000 | 01289nam a2200349 4500 | ||
|---|---|---|---|
| 001 | 0000023902 | ||
| 003 | CO-CtgCURN | ||
| 005 | 20250506152247.0 | ||
| 007 | ta | ||
| 008 | 160627s2011 000 0 eng d | ||
| 020 | _a9789562203258 | ||
| 040 |
_aCO-CtgCURN _bspa _ccoctgcurn |
||
| 082 | 0 |
_a616.0194 _bA951 |
|
| 100 | 1 | _aAvendaño Carvajal, Luis Fidel. | |
| 245 | 1 | 0 |
_aVirología clínica / _cLuis Fidel Avendaño Carvajal, Marcela Ferres Garrido, Eugenio Spencer Ossa. |
| 260 |
_aSantiago de Chile : _bMediterraneo, _c2011. |
||
| 300 | _a334 p. | ||
| 336 | _2rdacontent | ||
| 337 |
_2rdamedia _asin mediacion _bn |
||
| 338 |
_2rdacarrier _avolumen _bnc |
||
| 500 | _aIncluye indice general e indice de materias. | ||
| 504 | _aIncluye bibliografia. | ||
| 505 | 8 | _aGeneralidades -- Virus en relacion a sistemas -- Virus que representan problemas especiales | |
| 650 | 1 | 4 | _aVirología. |
| 700 | 1 | _aFerres Garrido, Marcela. | |
| 908 | _a160627 | ||
| 942 |
_cBK _h616.0194 _iA951 _2ddc _n0 |
||
| 999 |
_c22343 _d22343 |
||